000 00297nam a2200121Ia 4500
008 231129s1970||||xx |||||||||||||| ||spa||
082 _aHAJ- 0541
100 _aLukacs Georg
245 0 _aLenin: la coherencia de su pensamiento
260 _c1970
264 _a[sin editorial]
942 _2ddc
_cBKS
999 _c19136
_d19136